000 00373nam a22001337a 4500
082 _a338.9669SCH.
100 _aSchatz, S.P.
245 _aEconomics, politics and administration in government lending.
260 _aIbadan.
_bOxford University Press.
_c1970.
300 _axiv, 146p.
_b23cm.
500 _aIncludes appendix and index.
650 _aEconomics.
942 _cBK
999 _c13074
_d13074